| 000 | 00503nam a22001697a 4500 | ||
|---|---|---|---|
| 999 |
_c5516 _d5516 |
||
| 003 | GBCCL | ||
| 005 | 20241126110544.0 | ||
| 008 | 180326b ||||| |||| 00| 0 eng d | ||
| 040 | _cgbc | ||
| 082 |
_a252 _bBRA |
||
| 245 |
_aThe William Branham Sermons: _bHow God called me to Africa and other Sermons / _cEdited by Gordon Lindsay |
||
| 260 |
_aTexas: _bThe Voice of Healing Publishing Co. |
||
| 300 |
_a132 p.; _c20 cm. |
||
| 650 |
_aSermons _96067 |
||
| 650 |
_aBranham, William _99954 |
||
| 942 |
_2ddc _cBK |
||